000 00297nam a22001457a 4500
003 SGT
020 _a0312253796
082 _a610
_bI00P
100 _aPRESSMAN, ALAN. H.
245 _aINTEGRATIVE MEDICINE
250 _a1ST
260 _bMARTIN'S PRESS
_c2000
300 _a590
942 _2ddc
_cBK
999 _c19797
_d19797